Divadlo v Hubovej

Bibliographic Details
Main Author: Rapošová, Mária, 1955- (Author)
Format: Article
Language:Slovak
PhysicalDescription:Fotogr.
ISSN:0323-2883
Subjects:

MARC

LEADER 00000nab a2200000 a 4500
001 vtls010079124
003 SK-MaSNL
005 20260305032441.0
008 140417c2010 xo qr|p|||||||000 b|slo
015 |a SNBRB2010/03  |2 snkbucl 
038 |a SNKBUCL 
040 |a SNKBUCL  |b slo  |c SNKBUCL  |e AACR2 
041 0 |a slo 
044 |a xo  |c SK 
080 |a 792.077  |x (437.6)  |x "1909/2009"  |x (048)  |2 2001 
100 1 |a Rapošová, Mária,  |d 1955-  |4 aut  |9 13235 
245 1 0 |a Divadlo v Hubovej  |c Mária Rapošová 
300 |b Fotogr. 
648 7 |a 1909-2009  |2 snkbucl  |9 325342 
650 0 7 |a ochotnícke divadlo  |2 snkbucl  |9 3349 
650 0 7 |a monografie  |2 snkbucl  |9 256509 
651 7 |a Hubová (Slovensko)  |2 snkbucl  |9 22305 
651 7 |a Ružomberok (Slovensko : okres)  |2 snkbucl  |9 51838 
655 7 |a recenzie  |2 snkbucl  |9 21907 
740 0 2 |a 100 rokov ochotníckeho divadla v Hubovej 
773 0 |t Javisko  |g Roč. 42, č. 1 (2010), s. 50  |x 0323-2883 
787 0 8 |i Rec.:  |a Matis, Milan  |t Pred oponou, za oponou. 1909-2009  |d Hubová : DS ZDOS, OÚ Hubová, 2009 
852 |a SNK  |b KIS3GCP 
958 |a SK 
958 |a RC 
999 |c 3320161  |d 3322091